00717nam a2200241 a 4500001001300000003000900013005001700022008004100039020001000080082001600090100001800106245005800124260004300182300000900225500003500234505001000269650002700279700001800306902000800324942000700332952011900339999001700458nice12345678IN_TiNIC20260116014938.0050524s1982 lona grp 000 0 eng  ac10000a398.09bONG aOng, Walter J aOrality and Literacyb the Technologizing of the Word aLondon bRoutledge Chapman Hall c1982 a195p aincludes index and biblioraphy2 aIndex aOral Tradition-History1 aOng, Walter J bSRS cBK 001040708StackRoom-aHMIbHMId2007-06-06g100.00l0o398.09 ONGp11000808r2007-06-06v100.00w2005-05-24yBK c17664d17664